[Event "Offene Hessische Senioren Einzelmeisters"]
[Site "Bad Sooden- Allendorf"]
[Date "2013.04.26"]
[Round "7.17"]
[White "Szenetra, Werner"]
[Black "Thieme, Hans"]
[Result "1-0"]
[WhiteElo "2022"]
[BlackElo "1943"]
[PlyCount "69"]
[EventDate "2013.??.??"]
[WhiteTeam "SV Berenbostel"]
[BlackTeam "SV Oberursel"]

1. e4 c5 2. Nf3 e6 3. d3 d6 4. g3 Nf6 5. Bg2 b5 6. O-O Bb7 7. Re1 Be7 8. Nbd2
O-O 9. c3 Qc7 10. Qe2 Nbd7 11. b3 Nb6 12. Bb2 a5 13. a3 Nfd7 14. Rac1 Bf6 15.
d4 c4 16. a4 bxa4 17. bxc4 Ba6 18. e5 Nxc4 19. Nxc4 Bxc4 20. exd6 Qc8 21. Qd2
Rb8 22. Ne5 Bxe5 23. dxe5 Qc5 24. Ra1 Rb3 25. Rxa4 Rfb8 26. Qd4 Bb5 27. Ra2 Bc4
28. Ra4 Bb5 29. Ra2 Bc4 30. Ba3 Qb5 31. Raa1 Nb6 32. Qc5 Nd5 33. d7 Nb6 34. Bc6
Rxa3 35. Bxb5 1-0

[Event "Offene Hessische Senioren Einzelmeisters"]
[Site "Bad Sooden- Allendorf"]
[Date "2013.04.26"]
[Round "7.18"]
[White "Holscher, Peter"]
[Black "Noblé, Alexander"]
[Result "1-0"]
[WhiteElo "2005"]
[BlackElo "1907"]
[PlyCount "57"]
[EventDate "2013.??.??"]
[WhiteTeam "Caissa Hoorn"]
[BlackTeam "SC Bad Nauheim"]

1. Nf3 f5 2. g3 Nf6 3. Bg2 e6 4. c4 Be7 5. Nc3 O-O 6. d4 d5 7. O-O c6 8. b3 Bd7
9. Bb2 Be8 10. Qc2 Bg6 11. Ne5 Qe8 12. Rad1 Nbd7 13. Nxg6 Qxg6 14. e3 Qh6 15.
cxd5 cxd5 16. Qd3 a6 17. Ne2 g5 18. Rc1 Bd6 19. f3 g4 20. Nf4 gxf3 21. Bxf3 Ne4
22. Rc2 Rae8 23. Qd1 Qf6 24. Bxe4 fxe4 25. Rcf2 Qg5 26. Qe1 Qh6 27. Qa5 Qg7 28.
Ba3 Qe7 29. Nxd5 1-0

[Event "Offene Hessische Senioren Einzelmeisters"]
[Site "Bad Sooden- Allendorf"]
[Date "2013.04.26"]
[Round "7.19"]
[White "Bachmann, Rolf"]
[Black "Haselhorst, Helmut"]
[Result "0-1"]
[WhiteElo "1881"]
[BlackElo "2003"]
[PlyCount "68"]
[EventDate "2013.??.??"]
[WhiteTeam "SVigung Hamm"]
[BlackTeam "SK Ostbevern/Westbevern"]

1. d4 Nf6 2. c4 g6 3. Nc3 Bg7 4. e4 d6 5. g3 O-O 6. Bg2 Nc6 7. Nge2 a6 8. O-O
Re8 9. f4 Bg4 10. h3 Bxe2 11. Nxe2 e5 12. fxe5 dxe5 13. d5 Nd4 14. Be3 Nh5 15.
Kh2 c5 16. Rb1 b5 17. Bf3 Nf6 18. Qd3 Qa5 19. a3 Reb8 20. cxb5 axb5 21. Nxd4
exd4 22. Bf4 Rd8 23. b4 cxb4 24. Rxb4 Qxa3 25. Qxa3 Rxa3 26. Rxb5 Nd7 27. d6 h6
28. h4 Re8 29. Rb7 Ne5 30. Kg2 Kf8 31. Bd1 Rd8 32. Bxe5 Bxe5 33. Rfxf7+ Kg8 34.
Bb3 Rxb3 0-1

[Event "Offene Hessische Senioren Einzelmeisters"]
[Site "Bad Sooden- Allendorf"]
[Date "2013.04.26"]
[Round "7.20"]
[White "Hunold, Rolf"]
[Black "Peleikis, Horst"]
[Result "1/2-1/2"]
[WhiteElo "1974"]
[BlackElo "1879"]
[PlyCount "113"]
[EventDate "2013.??.??"]
[WhiteTeam "SV Letmathe 1933 e.V."]
[BlackTeam "SK Lister Turm"]

1. c4 c5 2. Nf3 Nc6 3. d4 cxd4 4. Nxd4 d6 5. Nc3 g6 6. e4 Bg7 7. Be3 Nf6 8. f3
O-O 9. Qd2 Nd7 10. Be2 Nxd4 11. Bxd4 Bxd4 12. Qxd4 Qb6 13. Qd2 Ne5 14. Nd5 Qd8
15. O-O Nc6 16. b4 e6 17. Ne3 Qb6 18. Rab1 e5 19. Kh1 Nd4 20. Bd3 Qd8 21. Nc2
Ne6 22. Rfd1 Qe7 23. Bf1 Rd8 24. Rb3 Bd7 25. Ra3 Be8 26. g3 a6 27. Ra5 Bc6 28.
Ra3 b6 29. Qf2 Qb7 30. Rad3 Ba4 31. Rxd6 Rxd6 32. Rxd6 Bxc2 33. Qxc2 Nd4 34.
Qf2 a5 35. b5 Rf8 36. Rd5 Qe7 37. f4 f6 38. Qd2 Kg7 39. c5 bxc5 40. fxe5 fxe5
41. Bh3 Rd8 42. Qxa5 Rxd5 43. exd5 Qb7 44. b6 Qxd5+ 45. Bg2 Nf3 46. Qb5 e4 47.
b7 Qd4 48. Qf1 Qb4 49. Bxf3 exf3 50. Qxf3 Qb1+ 51. Kg2 Qxa2+ 52. Kh3 Qb1 53. g4
g5 54. Kg2 c4 55. h4 h6 56. h5 Qb5 57. Kh3 1/2-1/2

[Event "Offene Hessische Senioren Einzelmeisters"]
[Site "Bad Sooden- Allendorf"]
[Date "2013.04.26"]
[Round "7.21"]
[White "Grabitz, Dr. Georg"]
[Black "Romanow, Werner"]
[Result "0-1"]
[WhiteElo "1852"]
[BlackElo "1972"]
[PlyCount "59"]
[EventDate "2013.??.??"]
[WhiteTeam "Plesse Bovenden"]
[BlackTeam "SV Merseburg"]

1. Nf3 Nf6 2. d4 g6 3. Nc3 d5 4. Bf4 Bg7 5. e3 c6 6. Be2 O-O 7. Ne5 Nbd7 8. h4
Qa5 9. Qd2 Nxe5 10. Bxe5 b5 11. a3 Qb6 12. h5 a5 13. Bd3 Bd7 14. h6 Bh8 15. O-O
Ng4 16. Bf4 e5 17. dxe5 Nxe5 18. Rad1 Qd8 19. e4 d4 20. Ne2 c5 21. Bxe5 Bxe5
22. f4 Bc7 23. e5 Qh4 24. Be4 Rad8 25. Qe1 Qxh6 26. Ng3 c4 27. Bd5 Bb6 28. Rf3
d3+ 29. Kf1 Bg4 30. Qe4 0-1

[Event "Offene Hessische Senioren Einzelmeisters"]
[Site "Bad Sooden- Allendorf"]
[Date "2013.04.26"]
[Round "7.22"]
[White "Limberg, Siegfried"]
[Black "Van Dongen, Rob"]
[Result "0-1"]
[WhiteElo "1970"]
[BlackElo "1839"]
[Annotator ",Microsoft"]
[PlyCount "86"]
[EventDate "2013.??.??"]
[WhiteTeam "Sfr. Taunus Königstein/Schwalbac"]
[BlackTeam "VAS Amsterdam"]

1. d4 Nf6 2. Nf3 d5 3. e3 Bg4 4. c4 e6 5. Nc3 c6 6. h3 Bh5 7. Be2 Nbd7 8. O-O
Be7 9. b3 O-O 10. Bb2 Qc7 11. Rc1 a6 12. cxd5 exd5 13. g4 Bg6 14. Nd2 Qd6 15.
Re1 Ne4 16. Ncxe4 Bxe4 17. Nf1 Qh6 18. f3 Bg6 19. Kg2 Bh4 20. Ng3 Rfe8 21. Rc3
f5 22. Bc1 Bxg3 23. Kxg3 fxg4 24. hxg4 Bf7 25. e4 Qd6+ 26. Bf4 Qb4 $11 27. Re3
dxe4 28. fxe4 Nf6 29. Bf3 Rad8 30. Rd3 Qa5 31. Rd2 g5 32. Be5 Rxe5 33. Ree2 Re7
34. Qc1 Qc7+ 35. Kg2 Qf4 36. Qc5 Rde8 37. e5 Nxg4 38. Rd3 Re6 39. Bxg4 Qxg4+
40. Kf2 Rh6 41. Ke1 Rh1+ 42. Kd2 Qf4+ 43. Rde3 Rd8 0-1

[Event "Offene Hessische Senioren Einzelmeisters"]
[Site "Bad Sooden- Allendorf"]
[Date "2013.04.26"]
[Round "7.23"]
[White "Arp, Frans"]
[Black "Jürgens, Peter"]
[Result "1/2-1/2"]
[WhiteElo "1970"]
[BlackElo "1832"]
[Annotator ",Microsoft"]
[PlyCount "90"]
[EventDate "2013.??.??"]
[WhiteTeam "Haarlem"]
[BlackTeam "SC Tempo Göttingen"]

1. e4 e6 2. Nf3 d5 3. Nc3 Nf6 4. e5 Nfd7 5. d4 c5 6. Bg5 Qb6 7. dxc5 Bxc5 8.
Qd2 Nc6 9. O-O-O Bxf2 10. Na4 Qb4 11. Qxf2 Qxa4 12. a3 O-O 13. Qg3 f6 14. exf6
Nxf6 15. Bd3 Ne4 16. Qh4 h6 17. Rhe1 Nc5 18. Qxa4 Nxa4 19. Be3 Bd7 20. Bb5 Nb6
21. c4 Be8 22. Bxb6 axb6 23. cxd5 exd5 24. Rxd5 Rc8 25. Kd2 Bf7 26. Rd7 Rfd8
27. Bxc6 bxc6 28. Ree7 Rxd7+ 29. Rxd7 Bd5 $11 30. Nh4 Rf8 31. Ke3 Rf7 32. Rd6
h5 33. b4 b5 34. Rd8+ Kh7 35. Nf3 Ra7 36. Ng5+ Kg6 37. Kf4 Kf6 38. Rd6+ Ke7 39.
Rg6 Rxa3 40. Rxg7+ Ke8 41. Ke5 Bxg2 42. Ne6 Re3+ 43. Kd6 Rd3+ 44. Ke5 Re3+ 45.
Kd6 Rd3+ 1/2-1/2

[Event "Offene Hessische Senioren Einzelmeisters"]
[Site "Bad Sooden- Allendorf"]
[Date "2013.04.26"]
[Round "7.24"]
[White "Scheide, Helmut"]
[Black "Heinzel, Peter"]
[Result "1/2-1/2"]
[WhiteElo "1824"]
[BlackElo "1970"]
[Annotator ",Microsoft"]
[PlyCount "131"]
[EventDate "2013.??.??"]
[WhiteTeam "USV Potsdam e.V., Abt. Schach"]
[BlackTeam "SC Mülheim 08/25 e.V."]

1. d4 Nf6 2. c4 e5 3. dxe5 Ng4 4. Nf3 Bc5 5. e3 Nc6 6. Nc3 Ngxe5 7. Nxe5 Nxe5
8. Be2 O-O 9. O-O d6 10. Ne4 Bb6 11. Ng3 Be6 12. f4 Nxc4 13. f5 Nxe3 14. Bxe3
Bxe3+ 15. Kh1 Bd7 16. Qb3 Bd4 17. Rad1 Be5 18. Rd3 Bc6 19. Nh5 Qg5 20. Ng3 Rae8
21. Bf3 Bxf3 22. Rdxf3 Bxg3 23. Rxg3 Qxf5 24. Rgf3 Qd7 25. Qxb7 a5 26. Rc3 Re7
27. Qa6 Re5 28. h3 g6 29. Rc6 Rfe8 30. Rcc1 R8e7 31. Qa7 Kg7 32. Qd4 Qe6 33. b3
f6 34. Qa7 Qd7 35. Qd4 Qb5 36. Qh4 Rf7 37. Rf3 Rf5 38. Rcf1 Qxf1+ 39. Rxf1
Rxf1+ 40. Kh2 Re7 41. Qc4 Rf2 42. a4 Rf5 43. b4 Rfe5 44. bxa5 Rxa5 45. Qb4 Ra7
46. Qd4 $11 Ra8 47. Qc4 c5 48. Qb5 Rea7 49. Qc6 Ra6 50. Qd7+ Kf8 51. Qxh7 g5
52. Qg6 d5 53. Qh6+ Ke7 54. Qg7+ Ke6 55. Qc7 c4 56. Qc5 R8a7 57. Qc8+ Ke5 58.
Qb8+ Kd4 59. Qb2+ c3 60. Qf2+ Kd3 61. Qf3+ Kd2 62. Qxd5+ Kc1 63. Qc4 c2 64.
Qf1+ Kd2 65. Qf2+ Kd3 66. Qf3+ 1/2-1/2

[Event "Offene Hessische Senioren Einzelmeisters"]
[Site "Bad Sooden- Allendorf"]
[Date "2013.04.26"]
[Round "7.25"]
[White "Kopp, Peter"]
[Black "Berger, Eduard"]
[Result "1-0"]
[WhiteElo "1964"]
[BlackElo "1637"]
[PlyCount "63"]
[EventDate "2013.??.??"]
[WhiteTeam "SV 1920 Hofheim"]
[BlackTeam "SK Stadtallendorf"]

1. e4 c5 2. c3 d5 3. exd5 Qxd5 4. d4 Nc6 5. Nf3 Bg4 6. Be2 Nf6 7. h3 Bh5 8. c4
Qd6 9. d5 Nb8 10. Nc3 a6 11. Qb3 Nbd7 12. Qxb7 Rb8 13. Qc6 e6 14. Qxd6 Bxd6 15.
dxe6 fxe6 16. O-O O-O 17. b3 Bg6 18. Bb2 h6 19. Rad1 Bc7 20. Bd3 Bxd3 21. Rxd3
e5 22. Re1 Rfe8 23. Rde3 Kf7 24. Nd2 Re6 25. Nde4 Rbe8 26. Nd5 Bb8 27. Ba3 Nxe4
28. Rxe4 Bd6 29. f3 Nb8 30. Nc3 Nc6 31. Na4 Nb4 32. Bxb4 1-0

[Event "Offene Hessische Senioren Einzelmeisters"]
[Site "Bad Sooden- Allendorf"]
[Date "2013.04.26"]
[Round "7.26"]
[White "Oud, Niek"]
[Black "Barlo, Werner"]
[Result "1-0"]
[WhiteElo "1992"]
[BlackElo "1579"]
[PlyCount "77"]
[EventDate "2013.??.??"]
[WhiteTeam "VAS"]
[BlackTeam "SK Zehlendorf e.V."]

1. d4 Nf6 2. c4 e6 3. Nc3 Bb4 4. Qc2 O-O 5. e4 Bxc3+ 6. bxc3 d6 7. Bg5 h6 8.
Bh4 Nbd7 9. Nf3 e5 10. Bd3 Re8 11. O-O b6 12. Rae1 Bb7 13. h3 c5 14. d5 Nf8 15.
g4 Ng6 16. Bg3 Bc8 17. Kh2 Nh7 18. Qd2 Qf6 19. Ng1 Ng5 20. f4 exf4 21. Bxf4
Nxf4 22. Qxf4 Qe5 23. Qxe5 Rxe5 24. h4 Nh7 25. Nf3 Re7 26. g5 hxg5 27. e5 gxh4
28. exd6 Rxe1 29. Rxe1 Nf6 30. Re7 Bd7 31. Nxh4 g6 32. Nf3 Re8 33. Ne5 Rxe7 34.
dxe7 Be8 35. Kg3 Nd7 36. Kf4 f6 37. Nxd7 Bxd7 38. Bxg6 Kg7 39. e8=Q 1-0

[Event "Offene Hessische Senioren Einzelmeisters"]
[Site "Bad Sooden- Allendorf"]
[Date "2013.04.26"]
[Round "7.27"]
[White "Rürup, Hans-Heinz"]
[Black "Kripp, Wolfgang"]
[Result "1-0"]
[WhiteElo "1825"]
[BlackElo "1982"]
[PlyCount "135"]
[EventDate "2013.??.??"]
[WhiteTeam "SV Bad Oeynhausen"]
[BlackTeam "SAbt SG 1945 Dietzenbach"]

1. e4 Nf6 2. e5 Nd5 3. d4 d6 4. Nf3 Bg4 5. Be2 e6 6. h3 Bh5 7. exd6 cxd6 8. c4
Nb6 9. O-O Be7 10. Nc3 O-O 11. b3 d5 12. c5 N6d7 13. Be3 Nc6 14. Rc1 Bxf3 15.
Bxf3 Rc8 16. Re1 b6 17. Ne2 bxc5 18. dxc5 Nce5 19. b4 Nxf3+ 20. gxf3 Ne5 21.
Nd4 Nc4 22. Nb3 Nxe3 23. fxe3 Bh4 24. Re2 Qg5+ 25. Rg2 Qxe3+ 26. Kh1 Bf6 27.
Qe2 Qh6 28. Rg3 Qh4 29. Qe1 Kh8 30. Kg2 h5 31. a3 Qf4 32. Qd2 Be5 33. Qxf4 Bxf4
34. Rb1 Bxg3 35. Kxg3 e5 36. b5 f5 37. c6 g5 38. a4 Kg7 39. Nc5 Kf7 40. a5 e4
41. Na6 f4+ 42. Kf2 e3+ 43. Ke2 Ke6 44. c7 Rxc7 45. Nxc7+ Kd6 46. Na6 Rf7 47.
Nb4 Kc5 48. Nd3+ Kd4 49. b6 axb6 50. axb6 Rb7 51. Rb2 g4 52. Nxf4 gxh3 53. Nxh3
Kc3 54. Rb1 d4 55. Nf4 h4 56. Rc1+ Kb4 57. Rb1+ Kc4 58. Rc1+ Kb4 59. Kd3 Kb5
60. Kxd4 e2 61. Rb1+ Kc6 62. Nxe2 h3 63. Ng3 Rd7+ 64. Ke3 Kb7 65. Rb2 Rg7 66.
Ne4 Rg6 67. Nc5+ Kc6 68. b7 1-0

[Event "Offene Hessische Senioren Einzelmeisters"]
[Site "Bad Sooden- Allendorf"]
[Date "2013.04.26"]
[Round "7.28"]
[White "Gerhardt, Peter-Michael"]
[Black "Ripoll, Luis"]
[Result "1/2-1/2"]
[WhiteElo "1975"]
[BlackElo "1803"]
[Annotator ",Microsoft"]
[PlyCount "59"]
[EventDate "2013.??.??"]
[WhiteTeam "SC Vahr"]
[BlackTeam "SK Lister Turm"]

1. d4 Nf6 2. c4 e6 3. Nf3 b6 4. e3 Bb7 5. Be2 Bb4+ 6. Bd2 Bxd2+ $11 7. Nbxd2
O-O 8. O-O d6 9. Qc2 Nbd7 10. Rfd1 Qe7 11. b4 c5 12. dxc5 dxc5 13. b5 Rfd8 14.
a4 a5 15. Bd3 h6 16. Ne4 Nxe4 17. Bxe4 Bxe4 18. Qxe4 Nf6 $11 19. Qe5 Rxd1+ 20.
Rxd1 Rd8 21. Qa1 Rxd1+ 22. Qxd1 Qd7 23. Qxd7 Nxd7 24. Kf1 Kf8 25. Ke2 Ke7 26.
e4 Kd6 27. Ke3 f6 28. Nd2 g5 29. g4 Ne5 30. h3 1/2-1/2

[Event "Offene Hessische Senioren Einzelmeisters"]
[Site "Bad Sooden- Allendorf"]
[Date "2013.04.26"]
[Round "7.29"]
[White "Jauch, Dieter"]
[Black "Schneider, Alexander"]
[Result "1/2-1/2"]
[WhiteElo "1756"]
[BlackElo "1974"]
[PlyCount "39"]
[EventDate "2013.??.??"]
[WhiteTeam "SK Bietigheim-Bissingen"]
[BlackTeam "Wilhelmshavener SC von 1887 e. V"]

1. d4 Nf6 2. Nf3 g6 3. Nc3 d5 4. Bf4 c6 5. h3 Qb6 6. Rb1 Bg7 7. e3 O-O 8. Be2
h6 9. Bh2 Nbd7 10. O-O Re8 11. b4 a6 12. a4 a5 13. b5 c5 14. Ne5 e6 15. f4 cxd4
16. exd4 Qc7 17. Rb3 b6 18. Bd3 Nf8 19. Kh1 Bb7 20. Qe2 1/2-1/2

[Event "Offene Hessische Senioren Einzelmeisters"]
[Site "Bad Sooden- Allendorf"]
[Date "2013.04.26"]
[Round "7.30"]
[White "Blosze, Winfried"]
[Black "Rychlik, Kurt"]
[Result "1/2-1/2"]
[WhiteElo "1759"]
[BlackElo "1970"]
[PlyCount "99"]
[EventDate "2013.??.??"]
[WhiteTeam "SV Königsspringer 1929 Großauhei"]
[BlackTeam "SV Berenbostel"]

1. e4 Nf6 2. e5 Nd5 3. c4 Nb6 4. c5 Nd5 5. Bc4 e6 6. d4 d6 7. cxd6 cxd6 8. Nf3
Nb6 9. Bb5+ Bd7 10. Bd3 Nc6 11. O-O Qc7 12. Qe2 Nb4 13. Nc3 Nxd3 14. Qxd3 Bc6
15. Bf4 a6 16. Rfc1 d5 17. a4 Qd7 18. b3 Rc8 19. a5 Na8 20. Na4 Bb5 21. Rxc8+
Qxc8 22. Qd2 Be7 23. Rc1 Qd8 24. Nc5 Bc6 25. Nxa6 O-O 26. Nc5 Nc7 27. b4 Qa8
28. h4 Nb5 29. Qd3 Na7 30. h5 Bb5 31. Qd2 Nc6 32. h6 g6 33. Bg5 Qe8 34. Qf4
Nxb4 35. Bf6 Bxc5 36. Rxc5 Nd3 37. Qg5 Nxc5 38. dxc5 Qc8 39. Be7 f5 40. exf6
Rf7 41. Ne5 Be8 42. Nxf7 Kxf7 43. Qe5 Bc6 44. g4 Qd7 45. g5 Qc8 46. f4 Be8 47.
Kf2 Qd7 48. Ke3 Qa4 49. Qb2 Qe4+ 50. Kf2 1/2-1/2

[Event "Offene Hessische Senioren Einzelmeisters"]
[Site "Bad Sooden- Allendorf"]
[Date "2013.04.26"]
[Round "7.31"]
[White "Petzold, Dr. Hans"]
[Black "Schlag, Franz"]
[Result "1-0"]
[WhiteElo "1964"]
[BlackElo "1801"]
[PlyCount "100"]
[EventDate "2013.??.??"]
[WhiteTeam "USV TU Dresden"]
[BlackTeam "SK Turm Bad Hersfeld"]

1. e4 e5 2. Nf3 Nc6 3. Bb5 Bb4 4. c3 Ba5 5. O-O Nge7 6. d4 exd4 7. cxd4 d5 8.
Qa4 O-O 9. exd5 Qxd5 10. Nc3 Qh5 11. Ne4 h6 12. Ng3 Qg6 13. Bxc6 Nxc6 14. d5
Bb6 15. dxc6 bxc6 16. Be3 Re8 17. Bxb6 cxb6 18. Rfe1 Rxe1+ 19. Rxe1 Bd7 20. Qd4
Be6 21. a3 c5 22. Qe4 Qxe4 23. Nxe4 Rd8 24. Nc3 Kf8 25. Rd1 Rxd1+ 26. Nxd1 Ke7
27. Kf1 Kd6 28. Ke1 b5 29. Kd2 a6 30. Kc3 g5 31. b4 c4 32. Kd4 f6 33. Nc3 Bc8
34. a4 Bd7 35. axb5 axb5 36. Ne4+ Ke7 37. Kc5 Ke6 38. Nc3 f5 39. Nd4+ Ke5 40.
Ncxb5 g4 41. Nc3 h5 42. b5 h4 43. Kxc4 f4 44. Kc5 Bc8 45. Nc6+ Ke6 46. Kb6 g3
47. fxg3 h3 48. gxh3 f3 49. Nd4+ Kf6 50. Nxf3 Bxh3 1-0

[Event "Offene Hessische Senioren Einzelmeisters"]
[Site "Bad Sooden- Allendorf"]
[Date "2013.04.26"]
[Round "7.32"]
[White "Krebs, Dietmar"]
[Black "Hellwege, Werner"]
[Result "1/2-1/2"]
[WhiteElo "1960"]
[BlackElo "1811"]
[PlyCount "130"]
[EventDate "2013.??.??"]
[WhiteTeam "Kölner SK Dr. Lasker 186"]
[BlackTeam "SK Lister Turm"]

1. e4 c5 2. Nf3 d6 3. d4 cxd4 4. Nxd4 Nf6 5. Nc3 a6 6. Bc4 e6 7. Bb3 Nbd7 8. f4
Nc5 9. f5 Be7 10. fxe6 fxe6 11. O-O Bd7 12. Qe2 b5 13. a3 Nxb3 14. Nxb3 Qc7 15.
Bf4 O-O 16. Rad1 e5 17. Nd5 Nxd5 18. exd5 b4 19. Be3 Bf6 20. Qd2 bxa3 21. bxa3
Rac8 22. Rc1 Qc3 23. Qxc3 Rxc3 24. Bd2 Rcc8 25. c4 Be7 26. Rxf8+ Kxf8 27. Bb4
Ke8 28. Na5 Rc7 29. Rc3 Ba4 30. Rg3 Bf8 31. Rf3 Be7 32. Rg3 Bf8 33. Kf2 Rf7+
34. Rf3 Rxf3+ 35. Kxf3 Kd7 36. h4 Be7 37. g3 Kc7 38. Ke2 Bc2 39. Nc6 Bf6 40.
Ba5+ Kb7 41. Nd8+ Kc8 42. Nc6 e4 43. Bb4 Kc7 44. Ke3 Bb2 45. Kd2 Bb3 46. Na5
Ba2 47. Ke3 Bb1 48. Nb3 Bd3 49. Nd2 Bc1 50. Kd4 Bb2+ 51. Bc3 Bxa3 52. Nxe4 Bxe4
53. Kxe4 g6 54. g4 Bc5 55. Kd3 Kb6 56. Kc2 h5 57. gxh5 gxh5 58. Be1 Kb7 59. Kb3
Ka7 60. Ka4 Kb6 61. Ba5+ Kb7 62. Bd8 Bb6 63. Be7 Kc7 64. Kb4 Kd7 65. Bg5 Kc7
1/2-1/2

[Event "Offene Hessische Senioren Einzelmeisters"]
[Site "Bad Sooden- Allendorf"]
[Date "2013.04.26"]
[Round "7.33"]
[White "Reinhold, Dr. Klaus"]
[Black "Fritsch, Dr. Jürgen"]
[Result "1/2-1/2"]
[WhiteElo "1957"]
[BlackElo "1779"]
[PlyCount "98"]
[EventDate "2013.??.??"]
[WhiteTeam "SC Gronau 1920 e.V."]
[BlackTeam "SK Lister Turm"]

1. d4 d5 2. c4 e6 3. Nf3 a6 4. g3 Nf6 5. Bg2 dxc4 6. Ne5 Nd5 7. Nxc4 Nd7 8. e4
N5b6 9. Nxb6 Nxb6 10. Nc3 Bd6 11. e5 Be7 12. O-O c6 13. Qg4 g6 14. Bh6 Nd5 15.
h4 f5 16. exf6 Bxf6 17. Rfe1 Kf7 18. Qf3 Re8 19. Ne4 Kg8 20. Ng5 Qb6 21. Bh3
Bxg5 22. Bxg5 Qxd4 23. Re2 Rf8 24. Qe4 Qxe4 25. Rxe4 e5 26. Bxc8 Raxc8 27. Rxe5
Rf7 28. Rae1 Kg7 29. R1e2 Rcf8 30. Bd2 h6 31. f4 Rf5 32. Re6 h5 33. Rd6 R5f6
34. Rxd5 cxd5 35. Bc3 Kf7 36. Bxf6 Kxf6 37. Rc2 Re8 38. Kf2 Re6 39. Rc5 Rd6 40.
Ke3 Kf5 41. Kd4 Kg4 42. Rc3 Rb6 43. b3 Rc6 44. Re3 Rc2 45. Kxd5 Rxa2 46. Re6
Kxg3 47. Rxg6+ Kxf4 48. Rb6 Ra5+ 49. Kc4 Kg4 1/2-1/2

[Event "Offene Hessische Senioren Einzelmeisters"]
[Site "Bad Sooden- Allendorf"]
[Date "2013.04.26"]
[Round "7.34"]
[White "Just, Joachim"]
[Black "Micheel, Peter"]
[Result "1-0"]
[WhiteElo "1912"]
[BlackElo "1751"]
[PlyCount "71"]
[EventDate "2013.??.??"]
[WhiteTeam "SV Motor Zeitz"]
[BlackTeam "SSC Graal-Müritz"]

1. f4 d5 2. e3 Nf6 3. Nf3 g6 4. b4 Bg7 5. Bb2 O-O 6. Be2 Nbd7 7. O-O c5 8. a3
Qb6 9. Qc1 Re8 10. bxc5 Nxc5 11. Bd4 Qa5 12. Nc3 Bd7 13. Ne5 Ne6 14. Nxd7 Nxd4
15. Nxf6+ Bxf6 16. exd4 Bxd4+ 17. Kh1 Bxc3 18. dxc3 Qxc3 19. Rb1 b6 20. f5 Rac8
21. Bd3 e5 22. fxe6 fxe6 23. Qh6 Qg7 24. Qg5 e5 25. h4 h6 26. Qg3 e4 27. Bb5
Re7 28. Qd6 d4 29. Rf6 Kh7 30. Qxd4 e3 31. Bd3 Kh8 32. Rd6 Qxd4 33. Rxd4 Rc3
34. a4 Kg7 35. Re1 Rc5 36. Rd6 1-0

[Event "Offene Hessische Senioren Einzelmeisters"]
[Site "Bad Sooden- Allendorf"]
[Date "2013.04.26"]
[Round "7.35"]
[White "Roth, Reinhard"]
[Black "Ditmas, Hugh"]
[Result "1/2-1/2"]
[WhiteElo "1604"]
[BlackElo "1902"]
[PlyCount "55"]
[EventDate "2013.??.??"]
[WhiteTeam "Sfr. Taunus Königstein/Schwalbac"]
[BlackTeam "Bremer SG von 1877"]

1. e4 c5 2. Nf3 Nc6 3. d4 cxd4 4. Nxd4 Nf6 5. Nc3 e5 6. Nf3 Bb4 7. Bg5 h6 8.
Bd2 Bxc3 9. Bxc3 Nxe4 10. Qd3 d5 11. Rd1 Qb6 12. Qe2 O-O 13. Rxd5 Nxc3 14. bxc3
Be6 15. Rb5 Qc7 16. Qe3 Bxa2 17. Bd3 e4 18. Bxe4 Rfe8 19. Nd2 f5 20. Rxf5 Rad8
21. Nb3 a5 22. O-O a4 23. Nd4 Bc4 24. Ra1 Nxd4 25. cxd4 b5 26. f3 Qd6 27. c3
Rc8 28. Qc1 1/2-1/2

[Event "Offene Hessische Senioren Einzelmeisters"]
[Site "Bad Sooden- Allendorf"]
[Date "2013.04.26"]
[Round "7.36"]
[White "Schumacher, Helmut"]
[Black "Fleischer, Martin"]
[Result "1-0"]
[WhiteElo "1902"]
[BlackElo "1746"]
[PlyCount "55"]
[EventDate "2013.??.??"]
[WhiteTeam "DJK Aufwärts St. Josef Aachen 19"]
[BlackTeam "SV Einheit Schwerin"]

1. d4 e6 2. e4 d5 3. Nc3 c6 4. Nf3 Nd7 5. Bd3 Be7 6. O-O dxe4 7. Nxe4 Ngf6 8.
Nxf6+ Nxf6 9. Qe2 O-O 10. Rd1 Qc7 11. Bg5 g6 12. Ne5 Nd5 13. Bh6 Re8 14. c4 Nb6
15. Qf3 Bf8 16. Bf4 Qe7 17. h4 Nd7 18. Nxd7 Qxd7 19. Be5 Bg7 20. h5 Qe7 21. Qg3
Bxe5 22. dxe5 Kg7 23. Qf3 f6 24. h6+ Kf7 25. Bc2 f5 26. Rd6 Bd7 27. Rad1 Rad8
28. Qd3 1-0

[Event "Offene Hessische Senioren Einzelmeisters"]
[Site "Bad Sooden- Allendorf"]
[Date "2013.04.26"]
[Round "7.38"]
[White "Van Vorselen, Theo"]
[Black "Zwanepol, Johan"]
[Result "1/2-1/2"]
[WhiteElo "1595"]
[BlackElo "1884"]
[PlyCount "94"]
[EventDate "2013.??.??"]
[WhiteTeam "DD Den Haag"]

1. e4 e5 2. Nf3 Nf6 3. Nc3 d6 4. d4 exd4 5. Nxd4 Be7 6. Be2 O-O 7. O-O Re8 8.
Bf3 c6 9. a4 Nbd7 10. g3 Ne5 11. Bg2 Qc7 12. h3 Ng6 13. Be3 a6 14. a5 c5 15.
Nde2 Bd7 16. Nf4 Nxf4 17. Bxf4 Bc6 18. Re1 Nd7 19. Nd5 Bxd5 20. exd5 Bf6 21.
Rxe8+ Rxe8 22. c3 Ne5 23. Bf1 Ng6 24. Qa4 Kf8 25. Be3 Qc8 26. Kg2 Ne5 27. Qc2
Kg8 28. Bf4 Qd8 29. b4 cxb4 30. cxb4 Ng6 31. Rc1 Nxf4+ 32. gxf4 Qb8 33. Qc7 g6
34. b5 axb5 35. Bxb5 Rd8 36. a6 Qxc7 37. Rxc7 bxa6 38. Bxa6 Kf8 39. Rc8 Rxc8
40. Bxc8 Ke7 41. Kf3 h5 42. Ke4 Kd8 43. Bb7 Ke7 44. Bc8 Bh4 45. f3 Kf6 46. Bd7
Bf2 47. Bc8 Be1 1/2-1/2

[Event "Offene Hessische Senioren Einzelmeisters"]
[Site "Bad Sooden- Allendorf"]
[Date "2013.04.26"]
[Round "7.39"]
[White "Nagorni, Walter"]
[Black "Nietsch, Horst"]
[Result "0-1"]
[WhiteElo "1876"]
[BlackElo "1719"]
[PlyCount "102"]
[EventDate "2013.??.??"]
[WhiteTeam "SG Weiß-Blau Eilenriede"]
[BlackTeam "SG Weißensee 49 e.V."]

1. Nf3 Nf6 2. c4 g6 3. Nc3 Bg7 4. d4 O-O 5. g3 d6 6. Bg2 c6 7. O-O Nbd7 8. Qc2
e5 9. e4 Re8 10. Rd1 Qc7 11. h3 h6 12. Be3 a6 13. Rac1 Nf8 14. b4 exd4 15. Nxd4
Ne6 16. Nxe6 Bxe6 17. Bf4 Bf8 18. c5 Qc8 19. cxd6 Bxh3 20. e5 Bf5 21. Qd2 Nd7
22. Nd5 g5 23. Bxg5 hxg5 24. Qxg5+ Bg6 25. f4 Qd8 26. Nc7 Qxg5 27. fxg5 Bf5 28.
a4 Rab8 29. Nxe8 Rxe8 30. b5 axb5 31. axb5 Nxe5 32. bxc6 Nxc6 33. Bxc6 bxc6 34.
Rxc6 Rd8 35. Kf2 Kg7 36. Kf3 Rd7 37. Kf4 Be6 38. Ke5 Kg6 39. Rc7 Bxd6+ 40. Rxd6
Rxc7 41. Kf4 Rc4+ 42. Kf3 Kxg5 43. Rd8 Bg4+ 44. Kf2 Rc2+ 45. Ke3 Re2+ 46. Kd3
Rg2 47. Rg8+ Kf5 48. Ke3 Rxg3+ 49. Kf2 Kf4 50. Rd8 Rf3+ 51. Kg2 f5 0-1

[Event "Offene Hessische Senioren Einzelmeisters"]
[Site "Bad Sooden- Allendorf"]
[Date "2013.04.26"]
[Round "7.40"]
[White "Krotofil, Kurt"]
[Black "Berger, Volkmar"]
[Result "1-0"]
[WhiteElo "1834"]
[BlackElo "1547"]
[PlyCount "67"]
[EventDate "2013.??.??"]
[WhiteTeam "Niendorfer TSV 1919 SAbt"]
[BlackTeam "BSV-KW Jänschwalde 94 e.V."]

1. d4 Nf6 2. c4 g6 3. Nc3 Bg7 4. e4 O-O 5. Nf3 d6 6. Be2 Bg4 7. O-O Nc6 8. Be3
a6 9. Qd2 Na5 10. b3 Nc6 11. Rad1 a5 12. d5 Bxf3 13. Bxf3 Ne5 14. Be2 c6 15. h3
cxd5 16. cxd5 Ned7 17. f3 h5 18. Bb5 Ne8 19. Na4 Ndf6 20. Bb6 Qb8 21. Rc1 Kh7
22. g4 hxg4 23. hxg4 Rh8 24. g5 Nh5 25. Bd7 Nef6 26. gxf6 Bxf6 27. Rc4 Qf8 28.
Rfc1 e6 29. dxe6 Qe7 30. Be3 fxe6 31. Rc7 Kg8 32. Bc8 Qd8 33. Bxe6+ Kf8 34. Rc8
1-0